Prinsip-prinsip am undang-undang Inggeris / (Record no. 1877)
[ view plain ]
| 000 -LEADER | |
|---|---|
| fixed length control field | nam a22 a 4500 |
| 003 - CONTROL NUMBER IDENTIFIER | |
| control field | AKMAL |
| 005 - DATE AND TIME OF LATEST TRANSACTION | |
| control field | 20170512113125.0 |
| 008 - FIXED-LENGTH DATA ELEMENTS--GENERAL INFORMATION | |
| fixed length control field | 170512s1993 my 00 may d |
| 020 ## - INTERNATIONAL STANDARD BOOK NUMBER | |
| International Standard Book Number | 9678905272 (kkt.): |
| Terms of availability | Rgt. 29.90 |
| 040 ## - CATALOGING SOURCE | |
| Original cataloging agency | AKMAL |
| 082 04 - DEWEY DECIMAL CLASSIFICATION NUMBER | |
| Classification number | 349.41 RED |
| 090 ## - LOCALLY ASSIGNED LC-TYPE CALL NUMBER (OCLC); LOCAL CALL NUMBER (RLIN) | |
| Classification number (OCLC) (R) ; Classification number, CALL (RLIN) (NR) | 349.41 |
| Local cutter number (OCLC) ; Book number/undivided call number, CALL (RLIN) | RED |
| 100 1# - MAIN ENTRY--PERSONAL NAME | |
| Personal name | Redmond, P. W. D. |
| Fuller form of name | (Peter William Dawson) |
| 9 (RLIN) | 3886 |
| 245 ## - TITLE STATEMENT | |
| Title | Prinsip-prinsip am undang-undang Inggeris / |
| Statement of responsibility, etc. | P.W.D. Redmond, Stevens |
| 250 ## - EDITION STATEMENT | |
| Edition statement | Edisi Malaysia |
| 260 ## - PUBLICATION, DISTRIBUTION, ETC. | |
| Place of publication, distribution, etc. | Kuala Lumpur : |
| Name of publisher, distributor, etc. | International Law Book Services, |
| Date of publication, distribution, etc. | 1993 |
| 300 ## - PHYSICAL DESCRIPTION | |
| Extent | ix, 443ms. : |
| Other physical details | ; |
| Dimensions | 21cm |
| 500 ## - GENERAL NOTE | |
| General note | Terjemahan dari : General principles of English law. - London : Pitman Pub., [199-] |
| 650 ## - SUBJECT ADDED ENTRY--TOPICAL TERM | |
| Topical term or geographic name entry element | Law |
| Geographic subdivision | Great Britain |
| 9 (RLIN) | 3887 |
| 700 1# - ADDED ENTRY--PERSONAL NAME | |
| Personal name | Stevens |
| 9 (RLIN) | 3888 |
| 942 ## - ADDED ENTRY ELEMENTS (KOHA) | |
| Source of classification or shelving scheme | |
| Koha item type | Book |
| Withdrawn status | Lost status | Source of classification or shelving scheme | Damaged status | Not for loan | Collection code | Home library | Current library | Shelving location | Date acquired | Inventory number | Total Checkouts | Full call number | Barcode | Date last seen | Price effective from | Koha item type |
|---|---|---|---|---|---|---|---|---|---|---|---|---|---|---|---|---|
| NON-FICTION | AKMAL Melaka | AKMAL Melaka | PINJAMAN | 12.05.2017 | 002816 | 349.41 RED | 201705919 | 12.05.2017 | 12.05.2017 | Book |
